000 00733nam a2200217 4500
001 144465
003 ES-MaACL
005 20230906201025.0
007 t|
008 070214s1961 sp r ||||1| spa d
080 _a621.357.7
080 _a669.2/.7-16
100 1 _aSilman, Harold.
_9146566
245 1 0 _aAcabado químico y galvanoplástico de los metales
_b: (cromado, niquelado, plateado...) /
_cH. Silman ; traducción de la segunda edición inglesa por Juan Balañá.
250 _a2ª. ed. puesta al día.
260 _aBarcelona :
_bJosé Montesó,
_c1961.
300 _a626 p. :
_bil. ;
_c22 cm.
650 4 _aMetales-
_xAcabado.
_9146567
700 1 _aBalañá, Juan.
_924820
852 _aES-MaACL
_jC-9786
_bR.38094
999 _c144465
_d144465